[Event "Open Sport & Cultura A"]
[Site "Milano ITA"]
[Date "2010.02.13"]
[Round "2"]
[White "Miglioli, Luca"]
[Black "Lanzani, Giuliano"]
[Result "0-1"]
[WhiteElo "1780"]
[BlackElo "2002"]
[PlyCount "116"]
[EventDate "2010.02.12"]

1. d4 d5 2. c4 c6 3. Nc3 e5 4. cxd5 cxd5 5. e3 e4 6. Qb3 Nf6 7. Bb5+ Nc6 8.
Nge2 a6 9. Bxc6+ bxc6 10. Bd2 Bd6 11. Rc1 Rb8 12. Qc2 O-O 13. Na4 Bd7 14. Nc5
Bxc5 15. Qxc5 Rxb2 16. Bb4 Re8 17. a3 h5 18. Qc3 Ra2 19. Qb3 Rxe2+ 20. Kxe2 Ng4
21. h3 Nh6 22. Qc3 Qg5 23. Rhg1 Nf5 24. Qe1 Nh4 25. Qf1 c5 26. Rxc5 Bb5+ 27.
Rxb5 axb5 28. Bd6 Qd8 29. Bc5 Qa5 30. Bb4 Qa6 31. Qb1 Rc8 32. g3 Nf3 33. Rc1
Rc4 34. Qb2 Qc6 35. Bc5 Qc8 36. h4 Qg4 37. Kf1 Qh3+ 38. Ke2 Nh2 39. Bb4 Qg2 40.
Rxc4 Qf1+ 41. Kd2 Qxf2+ 42. Kc1 Qf1+ 43. Kd2 Qxc4 44. Qc3 Nf1+ 45. Ke1 Qxc3+
46. Bxc3 Nxe3 47. Ke2 Nc4 48. Bb4 f6 49. Bc5 Kf7 50. Bb4 Ke6 51. Bf8 g5 52.
hxg5 fxg5 53. Kf2 Kf5 54. Bb4 Kg4 55. Be7 e3+ 56. Kg2 Nd2 57. Bb4 Nf3 58. Bc3
e2 0-1

[Event "Open Sport & Cultura A"]
[Site "Milano ITA"]
[Date "2010.02.13"]
[Round "2"]
[White "Miracola, Massimiliano"]
[Black "Didoni, Renato"]
[Result "1/2-1/2"]
[WhiteElo "1545"]
[BlackElo "1977"]
[PlyCount "39"]
[EventDate "2010.02.12"]

1. e4 c6 2. d4 d6 3. Nc3 Qc7 4. Be3 Nd7 5. f4 Ndf6 6. Nf3 Bg4 7. Qd2 Bxf3 8.
gxf3 Qa5 9. O-O-O g6 10. Kb1 Nd7 11. e5 e6 12. Qd3 Nh6 13. Bh3 d5 14. Bd2 Qc7
15. Ne2 a6 16. c4 Be7 17. Rc1 dxc4 18. Rxc4 Nf5 19. Bxf5 gxf5 20. d5 1/2-1/2

[Event "Open Sport & Cultura A"]
[Site "Milano ITA"]
[Date "2010.02.13"]
[Round "2"]
[White "Mircoli, Filippo"]
[Black "Lovati, Emilio"]
[Result "1-0"]
[WhiteElo "1729"]
[BlackElo "1374"]
[PlyCount "56"]
[EventDate "2010.02.12"]

1. e4 e6 2. d4 d5 3. Nc3 Nf6 4. e5 Nfd7 5. f4 c5 6. Nf3 Nc6 7. Bd3 cxd4 8. Ne2
Bc5 9. a3 a6 10. O-O O-O 11. Kh1 f6 12. b4 Bb6 13. Bb2 fxe5 14. fxe5 Ndxe5 15.
Nxe5 Rxf1+ 16. Qxf1 Nxe5 17. Nxd4 Nxd3 18. Qxd3 e5 19. Ne2 Bc7 20. Re1 b5 21.
Ng3 d4 22. Qb3+ Kh8 23. Rf1 Bb7 24. Qf7 Bd5 25. Qf2 Bc4 26. Re1 Kg8 27. Ne4 Bb6
28. Qg3 Qd5 1-0

[Event "Open Sport & Cultura A"]
[Site "Milano ITA"]
[Date "2010.02.13"]
[Round "2"]
[White "Moroni, Luca jr"]
[Black "Carbone, Lorenzo"]
[Result "0-1"]
[WhiteElo "1600"]
[BlackElo "1751"]
[PlyCount "130"]
[EventDate "2010.02.12"]

1. e4 c5 2. Nf3 d6 3. d4 cxd4 4. Nxd4 Nf6 5. Nc3 e6 6. Be2 Be7 7. Be3 O-O 8.
O-O a6 9. f4 Qc7 10. Qe1 b5 11. a3 Bb7 12. Bf3 Nbd7 13. Qg3 Kh8 14. Rad1 Nb6
15. e5 Nfd5 16. Nxd5 Nxd5 17. Bg4 Nxe3 18. Qxe3 dxe5 19. fxe5 Bd5 20. Bf3 Rad8
21. b4 h6 22. Qe2 Bc4 23. Qf2 Bxf1 24. Kxf1 Qxe5 25. Rd3 Bf6 26. c3 Qxh2 27.
Bg4 Bxd4 28. Rxd4 Rxd4 29. cxd4 Qd6 30. Ke2 e5 31. dxe5 Qxe5+ 32. Qe3 Qb2+ 33.
Kf1 Qf6+ 34. Kg1 Rd8 35. Bf3 Qd4 36. Qxd4 Rxd4 37. Bb7 Rd6 38. Kf2 g5 39. Bc8
Kg7 40. Ke3 Rc6 41. Bb7 Rc3+ 42. Kd4 Rxa3 43. Kc5 f5 44. Kb6 Rb3 45. Ka5 Ra3+
46. Kb6 Ra4 47. Kc5 Kf6 48. Bc8 Ke5 49. g4 f4 50. Bb7 a5 51. bxa5 Rxa5 52. Bc6
Ra3 53. Kb4 Rg3 54. Kxb5 Rxg4 55. Kc4 Rg1 56. Kd3 h5 57. Ke2 Ra1 58. Kf2 g4 59.
Kg2 Ra2+ 60. Kg1 Kd4 61. Kf1 Ke3 62. Kg1 h4 63. Kh1 Kf2 64. Kh2 g3+ 65. Kh3 f3
0-1

[Event "Open Sport & Cultura A"]
[Site "Milano ITA"]
[Date "2010.02.13"]
[Round "2"]
[White "Necchi, Flavio"]
[Black "Lipari, Alberto"]
[Result "1-0"]
[WhiteElo "1766"]
[BlackElo "1609"]
[PlyCount "55"]
[EventDate "2010.02.12"]

1. e4 c5 2. Nf3 Nc6 3. d4 cxd4 4. Nxd4 e6 5. Nc3 Bc5 6. Be3 Qf6 7. Ncb5 Qe5 8.
Nxc6 bxc6 9. Bxc5 cxb5 10. Qd4 Qxd4 11. Bxd4 f6 12. Bxb5 Bb7 13. f3 e5 14. Bc3
a5 15. O-O-O Bc6 16. Bxc6 dxc6 17. Rd6 Ne7 18. Rhd1 O-O 19. Rd7 Nc8 20. Rc7 Ra6
21. Rdd7 Re8 22. Rxg7+ Kh8 23. Rxh7+ Kg8 24. Rcg7+ Kf8 25. Rf7+ Kg8 26. Bd2 Nd6
27. Rfg7+ Kf8 28. Bh6 1-0

[Event "Open Sport & Cultura A"]
[Site "Milano ITA"]
[Date "2010.02.13"]
[Round "2"]
[White "Orsi, Matteo"]
[Black "Petetta, Roberto"]
[Result "1-0"]
[WhiteElo "1950"]
[BlackElo "1649"]
[PlyCount "69"]
[EventDate "2010.02.12"]

1. Nf3 Nf6 2. g3 g6 3. Bg2 Bg7 4. d3 c6 5. e4 d6 6. O-O O-O 7. c3 Qc7 8. Nbd2
b5 9. d4 Bb7 10. e5 dxe5 11. Nxe5 Nbd7 12. Nb3 Rad8 13. Bf4 Nxe5 14. Bxe5 Qb6
15. Qc2 Nd7 16. Bxg7 Kxg7 17. a4 e5 18. a5 Qc7 19. a6 Ba8 20. c4 bxc4 21. Qxc4
Nb6 22. Qc3 exd4 23. Nxd4 Kg8 24. Rfc1 Nd5 25. Bxd5 Rxd5 26. Nxc6 Bxc6 27. Qxc6
Qxc6 28. Rxc6 Rfd8 29. Rc7 R8d7 30. Rac1 Kf8 31. Rb7 Ke8 32. Rc8+ Ke7 33. Ra8
Ra5 34. Raxa7 Rxb7 35. axb7 1-0

[Event "Open Sport & Cultura A"]
[Site "Milano ITA"]
[Date "2010.02.13"]
[Round "2"]
[White "Primerano, Carlo"]
[Black "Attuati, Luca"]
[Result "0-1"]
[WhiteElo "1734"]
[BlackElo "1447"]
[PlyCount "63"]
[EventDate "2010.02.12"]

1. d4 d5 2. c4 Nf6 3. cxd5 Qxd5 4. Nc3 Qd7 5. e4 e5 6. d5 a6 7. Nf3 Bd6 8. Bd3
c6 9. Bg5 Qe7 10. h3 Bd7 11. Qb3 b5 12. O-O O-O 13. dxc6 Bxc6 14. Rac1 Nbd7 15.
Rfd1 Nc5 16. Qc2 Nxd3 17. Rxd3 Rac8 18. Nd5 Bxd5 19. Qxc8 Bxe4 20. Rdc3 h6 21.
Qxf8+ Qxf8 22. Rc8 Ne8 23. Bh4 Bb7 24. Rd8 f6 25. Rd7 Bxf3 26. gxf3 Kh7 27. Rc8
Be7 28. Ra8 Qf7 29. Raa7 Qg6+ 30. Bg3 Bc5 31. Rxa6 Qxg3+ 32. Kh1 0-1

[Event "Open Sport & Cultura A"]
[Site "Milano ITA"]
[Date "2010.02.13"]
[Round "2"]
[White "Rambaldi, Francesco"]
[Black "Chinnici, Giorgio"]
[Result "1-0"]
[WhiteElo "1901"]
[BlackElo "1719"]
[PlyCount "67"]
[EventDate "2010.02.12"]

1. c4 e5 2. Nc3 Nc6 3. g3 f5 4. Bg2 Nf6 5. e3 Bc5 6. a3 a5 7. Nge2 d6 8. d4 Bb6
9. c5 Ba7 10. Bxc6+ bxc6 11. dxe5 dxe5 12. Qxd8+ Kxd8 13. b4 Be6 14. O-O Ke7
15. f4 e4 16. Nd4 Bd7 17. Bd2 Nd5 18. Rfb1 Rab8 19. Nc2 Rb7 20. Ne2 Rhb8 21.
Rc1 Be6 22. Ned4 Kd7 23. Nxe6 Kxe6 24. Nd4+ Kf6 25. Nxc6 Ra8 26. Nxa5 Rb5 27.
Nb3 Rbb8 28. Nd4 g6 29. Kf2 Rc8 30. b5 Rab8 31. a4 Rb7 32. a5 Rcb8 33. Rab1 Re8
34. Nc6 1-0

[Event "Open Sport & Cultura A"]
[Site "Milano ITA"]
[Date "2010.02.13"]
[Round "2"]
[White "Ranfagni, Stefano"]
[Black "Manini, Paolo"]
[Result "1-0"]
[WhiteElo "2007"]
[BlackElo "1788"]
[PlyCount "89"]
[EventDate "2010.02.12"]

1. e4 c6 2. c4 d5 3. exd5 cxd5 4. d4 e6 5. Nf3 Nf6 6. Nc3 Bb4 7. Bd2 Nc6 8. a3
Bxc3 9. Bxc3 O-O 10. c5 Ne4 11. Qc2 f5 12. b4 Bd7 13. b5 Na5 14. Ne5 Be8 15.
Bd3 Rc8 16. O-O Rf6 17. Be1 Nc4 18. Bxc4 dxc4 19. Qxc4 Nd6 20. Qb4 Nxb5 21. Bc3
Qd5 22. Bb2 a6 23. a4 Nc7 24. Rfe1 f4 25. f3 g5 26. Nc4 Na8 27. Re5 Qc6 28.
Rxg5+ Rg6 29. Ne5 Rxg5 30. Nxc6 Bxc6 31. d5 Bxd5 32. Qxf4 Rg6 33. Qe5 Kf7 34.
Bd4 Rd8 35. Kf2 Rd7 36. h4 Kf8 37. h5 Rg8 38. Qf6+ Ke8 39. h6 Rf7 40. Qe5 Nc7
41. Rh1 Rg6 42. Rh4 a5 43. Bc3 Na6 44. Bxa5 Rd7 45. Qh8+ 1-0

[Event "Open Sport & Cultura A"]
[Site "Milano ITA"]
[Date "2010.02.13"]
[Round "2"]
[White "Reale, Simone"]
[Black "Martinez, Rolly"]
[Result "0-1"]
[WhiteElo "1868"]
[BlackElo "2423"]
[PlyCount "92"]
[EventDate "2010.02.12"]

1. d4 Nf6 2. c4 e6 3. Nf3 b6 4. a3 Bb7 5. Nc3 d5 6. Bg5 Be7 7. e3 Nbd7 8. Rc1
O-O 9. cxd5 exd5 10. Bd3 c5 11. O-O Re8 12. h3 a6 13. a4 Nf8 14. Qc2 c4 15. Be2
Bd6 16. Rfe1 h6 17. Bxf6 Qxf6 18. b3 Rac8 19. Nd2 Bb8 20. bxc4 Qd6 21. g3 Rxe3
22. Bg4 Rxe1+ 23. Rxe1 Rd8 24. Bf3 Qc7 25. cxd5 Bxd5 26. Bxd5 Rxd5 27. Qd3 Rd8
28. Nf3 Qb7 29. Qe3 Rc8 30. Ne2 Qd7 31. Kg2 Qxa4 32. Nf4 Qc6 33. Kh2 a5 34. Ne5
Qb7 35. d5 Re8 36. Qc3 a4 37. Nh5 Rxe5 38. Rxe5 Bxe5 39. Qxe5 f6 40. Qd4 a3 41.
d6 a2 42. d7 Qxd7 43. Qa1 Qd2 44. Kg1 Qc2 45. Qd4 Qb1+ 46. Kg2 a1=Q 0-1

[Event "Open Sport & Cultura A"]
[Site "Milano ITA"]
[Date "2010.02.13"]
[Round "2"]
[White "Ruggeri, Igor"]
[Black "Rizzi, Domenico"]
[Result "1/2-1/2"]
[WhiteElo "1468"]
[BlackElo "1659"]
[PlyCount "64"]
[EventDate "2010.02.12"]

1. d4 f5 2. c4 e6 3. Nf3 Be7 4. e3 Nf6 5. Nc3 O-O 6. g3 d5 7. c5 Nc6 8. Bg2 Ne4
9. Bd2 b6 10. cxb6 axb6 11. a3 Ba6 12. b4 Bc4 13. Ne2 Bxe2 14. Kxe2 Bd6 15. Qc2
Qd7 16. Rhc1 Ne7 17. Kf1 g5 18. Ne5 Bxe5 19. dxe5 Rfc8 20. Bxe4 fxe4 21. Bc3
Nf5 22. Qe2 Qf7 23. Rc2 c5 24. Bb2 d4 25. exd4 cxd4 26. Rxc8+ Rxc8 27. Qxe4 Qg6
28. f3 Qh5 29. Kg1 Qh3 30. Bxd4 Nxd4 31. Qxd4 Rc2 32. Qd8+ Kg7 1/2-1/2

[Event "Open Sport & Cultura A"]
[Site "Milano ITA"]
[Date "2010.02.13"]
[Round "2"]
[White "Ruscitto, Mauro"]
[Black "Casale, Anania"]
[Result "1/2-1/2"]
[WhiteElo "1386"]
[BlackElo "1732"]
[PlyCount "89"]
[EventDate "2010.02.12"]

1. d4 Nf6 2. c4 e6 3. Nc3 Bb4 4. Qc2 b6 5. Bg5 Bb7 6. f3 h6 7. Bh4 Nc6 8. Rd1
d5 9. cxd5 exd5 10. e3 Qe7 11. a3 Qxe3+ 12. Nge2 Bxc3+ 13. bxc3 Qe6 14. Kf2 O-O
15. Nc1 Rfe8 16. Qd2 Qf5 17. Bxf6 Qxf6 18. Bd3 Na5 19. Rhe1 c5 20. Bb5 Rxe1 21.
Rxe1 a6 22. Bd3 cxd4 23. Qe2 g6 24. cxd4 Qxd4+ 25. Kf1 Bc6 26. Bxa6 Re8 27. Qf2
Qxf2+ 28. Kxf2 Rxe1 29. Kxe1 b5 30. Nd3 Nc4 31. Nb4 Ba8 32. Bxb5 Nxa3 33. Bd3
Kg7 34. Kf2 Kf6 35. Ke3 Ke6 36. Kd4 f5 37. g3 Nc4 38. Nxd5 Bxd5 39. Bxc4 Bxc4
40. Kxc4 Ke5 41. Kd3 g5 42. h3 h5 43. Ke3 f4+ 44. gxf4+ gxf4+ 45. Kd3 1/2-1/2

[Event "Open Sport & Cultura A"]
[Site "Milano ITA"]
[Date "2010.02.13"]
[Round "2"]
[White "Salvador, Roland"]
[Black "Del Noce, Roberto"]
[Result "1-0"]
[WhiteElo "2472"]
[BlackElo "1869"]
[PlyCount "59"]
[EventDate "2010.02.12"]

1. d4 d5 2. Nf3 Nf6 3. c4 e6 4. Nc3 Be7 5. g3 O-O 6. Bg2 Re8 7. O-O c6 8. Qc2
Nbd7 9. Rd1 Bd6 10. e4 dxe4 11. Ng5 h6 12. Ngxe4 Nxe4 13. Nxe4 Bc7 14. b3 Nf6
15. Bb2 Nxe4 16. Bxe4 f5 17. Bf3 Qg5 18. d5 exd5 19. cxd5 Be5 20. Re1 f4 21.
Qe2 fxg3 22. hxg3 Bxb2 23. Qxe8+ Kh7 24. Be4+ g6 25. Bd3 Bxa1 26. Qf7+ Bg7 27.
Re7 Qxe7 28. Bxg6+ Kh8 29. Qxe7 Bg4 30. d6 1-0

[Event "Open Sport & Cultura A"]
[Site "Milano ITA"]
[Date "2010.02.13"]
[Round "2"]
[White "Turov, Maxim"]
[Black "Olivieri, Alessandro"]
[Result "1-0"]
[WhiteElo "2584"]
[BlackElo "1936"]
[PlyCount "47"]
[EventDate "2010.02.12"]

1. d4 Nf6 2. c4 d6 3. Nc3 g6 4. e4 Bg7 5. f4 O-O 6. Nf3 c5 7. d5 e6 8. dxe6
fxe6 9. Bd3 Nc6 10. O-O a6 11. Kh1 Rb8 12. a4 b6 13. Ng5 Nd4 14. Be3 h6 15. Nh3
Kh7 16. e5 Ne8 17. Ng5+ Kg8 18. Bxg6 Nf5 19. Bg1 Ne7 20. Bh7+ Kh8 21. Qh5 Nf5
22. Bxf5 Rxf5 23. Nf7+ Kg8 24. Qxf5 1-0

[Event "Open Sport & Cultura A"]
[Site "Milano ITA"]
[Date "2010.02.13"]
[Round "2"]
[White "Vece, Luigi"]
[Black "Guzzetti, Luigi Enrico"]
[Result "1-0"]
[WhiteElo "1697"]
[BlackElo "1887"]
[PlyCount "125"]
[EventDate "2010.02.12"]

1. e4 c5 2. Nf3 e6 3. d4 cxd4 4. Nxd4 a6 5. c4 Nf6 6. e5 Qa5+ 7. Nc3 Qxe5+ 8.
Be3 Bb4 9. Bd3 Nc6 10. Qb3 Bc5 11. Nf3 Qh5 12. O-O-O Bxe3+ 13. fxe3 Qc5 14. e4
O-O 15. Rhe1 d6 16. h3 e5 17. Kb1 Be6 18. Nd5 Bxd5 19. cxd5 Na7 20. Rc1 Qa5 21.
Qxb7 Nb5 22. Qc6 Nh5 23. Rc2 Nd4 24. Qc3 Qxc3 25. Rxc3 Nf4 26. Bf1 f5 27. Nxd4
exd4 28. Rc6 Rfe8 29. g3 Ng6 30. Rxd6 fxe4 31. Bxa6 d3 32. Kc1 Nh8 33. Bc4 Nf7
34. Re6 Rxe6 35. dxe6 Nd6 36. Bd5 Rc8+ 37. Kb1 Kf8 38. Bxe4 Nxe4 39. Rxe4 d2
40. Rf4+ Ke7 41. Rf1 Kxe6 42. Rd1 Rd8 43. Kc2 Kf5 44. Rxd2 Rc8+ 45. Kd3 h5 46.
Ke3 g5 47. b4 Rc3+ 48. Kf2 Ke4 49. b5 Rc5 50. a4 Rc4 51. a5 Rb4 52. b6 h4 53.
g4 Rb3 54. Kg2 Ke3 55. Rf2 Ke4 56. Rf7 Rb2+ 57. Kf1 Ke3 58. Re7+ Kf3 59. Ke1
Kg3 60. Re3+ Kf4 61. Rc3 Rb5 62. Ra3 Ke4 63. a6 1-0

[Event "Open Sport & Cultura A"]
[Site "Milano ITA"]
[Date "2010.02.13"]
[Round "2"]
[White "Veri', Giustino"]
[Black "Ramella, Stefano"]
[Result "0-1"]
[WhiteElo "1630"]
[BlackElo "1775"]
[PlyCount "62"]
[EventDate "2010.02.12"]

1. d4 Nf6 2. Nf3 g6 3. c4 Bg7 4. Nc3 d6 5. e4 c5 6. dxc5 Qa5 7. Qa4+ Qxa4 8.
Nxa4 Nxe4 9. cxd6 Nxd6 10. c5 Ne4 11. Be3 Bd7 12. Bd3 Nxf2 13. Bxf2 Bxa4 14.
Rb1 O-O 15. O-O Bc6 16. Ne1 Nd7 17. b4 Ne5 18. Be2 Be4 19. Rc1 Rad8 20. Bh4 f6
21. Bc4+ Nxc4 22. Rxc4 Bd5 23. Rc2 g5 24. Bf2 f5 25. a3 Be4 26. Re2 e5 27. Be3
f4 28. Bc1 Bc6 29. Bb2 Bb5 30. Re4 Bxf1 31. Kxf1 Rfe8 0-1

[Event "Open Sport & Cultura A"]
[Site "Milano ITA"]
[Date "2010.02.13"]
[Round "3"]
[White "Astengo, Marcello"]
[Black "Marchini, Daniele"]
[Result "1-0"]
[WhiteElo "2104"]
[BlackElo "1802"]
[PlyCount "47"]
[EventDate "2010.02.12"]

1. d4 Nf6 2. c4 g6 3. Nc3 d5 4. Nf3 Bg7 5. Bf4 O-O 6. e3 c6 7. h3 Qb6 8. Qd2
Bf5 9. Be2 Nbd7 10. O-O Ne4 11. Qc1 Ndf6 12. Ne5 Rad8 13. f3 Nxc3 14. Qxc3 Nh5
15. Bh2 Be6 16. g4 dxc4 17. gxh5 Bxh3 18. Rf2 Be6 19. Bxc4 Bxe5 20. Bxe5 Bxc4
21. Qxc4 Qa5 22. hxg6 hxg6 23. Rh2 Qxe5 24. dxe5 1-0

[Event "Open Sport & Cultura A"]
[Site "Milano ITA"]
[Date "2010.02.13"]
[Round "3"]
[White "Attuati, Luca"]
[Black "Bracci, Andrea"]
[Result "0-1"]
[WhiteElo "1447"]
[BlackElo "1827"]
[PlyCount "80"]
[EventDate "2010.02.12"]

1. e4 e5 2. Nf3 Nc6 3. Bb5 Nf6 4. d3 Bc5 5. Be3 Bxe3 6. fxe3 Qe7 7. Nc3 a6 8.
Bc4 Na5 9. Bd5 c6 10. Bb3 Nxb3 11. axb3 d6 12. O-O h6 13. Qe1 Nh7 14. Qg3 Ng5
15. Nh4 g6 16. Na4 Qc7 17. Rf2 Be6 18. Raf1 O-O-O 19. Nc3 Rhg8 20. Ra1 f5 21.
Rff1 Rdf8 22. Ne2 Nh7 23. Qe1 Qd8 24. b4 Qb6 25. Ra5 Qxe3+ 26. Qf2 f4 27. Qxe3
fxe3 28. Rxf8+ Rxf8 29. Nxg6 Rf2 30. Ng3 Rxc2 31. Kf1 Rf2+ 32. Ke1 Rxg2 33.
Ne7+ Kd7 34. Ngf5 Rxh2 35. d4 exd4 36. Ra3 Ng5 37. Nxd4 Kxe7 38. Rxe3 Rxb2 39.
Nf5+ Bxf5 40. exf5+ Kf6 0-1

[Event "Open Sport & Cultura A"]
[Site "Milano ITA"]
[Date "2010.02.13"]
[Round "3"]
[White "Attuati, Stefano"]
[Black "Cerioni, Armando"]
[Result "1/2-1/2"]
[WhiteElo "1812"]
[BlackElo "1988"]
[PlyCount "89"]
[EventDate "2010.02.12"]

1. e4 e6 2. d4 d5 3. Nc3 Bb4 4. Nge2 Nf6 5. e5 Nfd7 6. a3 Be7 7. f4 c5 8. Be3
Nc6 9. Qd2 cxd4 10. Nxd4 Nxd4 11. Bxd4 Nb8 12. Bf2 Nc6 13. Bd3 Bd7 14. h4 a6
15. Qe2 b5 16. Qg4 Kf8 17. Ne2 Qa5+ 18. Kf1 b4 19. a4 f6 20. Nd4 Nxd4 21. Bxd4
f5 22. Qf3 Bb5 23. c4 Bc6 24. Qe3 Qd8 25. Bc5 dxc4 26. Bxc4 Kf7 27. Bxe7 Qxe7
28. Qe2 a5 29. b3 Rhd8 30. Qh5+ Kg8 31. Qxf5 Bd5 32. Bxd5 Rxd5 33. Qe4 Rad8 34.
g3 Rd2 35. Rg1 Rb2 36. Rb1 Qc5 37. Rg2 Rxb3 38. Rxb3 Qc1+ 39. Kf2 Rd2+ 40. Kf3
Qd1+ 41. Re2 Qxb3+ 42. Kg4 Rxe2 43. Qa8+ Kf7 44. Qb7+ Kg6 45. h5+ 1/2-1/2

[Event "Open Sport & Cultura A"]
[Site "Milano ITA"]
[Date "2010.02.13"]
[Round "3"]
[White "Azzolin, Lorenzo"]
[Black "Moroni, Luca jr"]
[Result "1/2-1/2"]
[WhiteElo "1680"]
[BlackElo "1600"]
[PlyCount "66"]
[EventDate "2010.02.12"]

1. e4 c5 2. Nf3 d6 3. d4 cxd4 4. Nxd4 Nf6 5. Nc3 a6 6. Be3 e6 7. f4 Be7 8. Qf3
Qc7 9. Bd3 Nc6 10. h3 e5 11. Nb3 b5 12. Nd5 Nxd5 13. exd5 Nb4 14. O-O O-O 15.
fxe5 dxe5 16. d6 Bxd6 17. Qxa8 Bb7 18. Qa7 Qc6 19. Rf2 Ra8 20. Na5 Rxa7 21.
Nxc6 Nxc6 22. Bxa7 Nxa7 23. Rd1 Bc5 24. Bxh7+ Kxh7 25. Rd7 Be4 26. Kf1 Bxf2 27.
Kxf2 Nc6 28. Rxf7 Bxc2 29. Rc7 Be4 30. Rc8 Bd5 31. a3 g6 32. g3 Kg7 33. b4 Kh6
1/2-1/2

[Event "Open Sport & Cultura A"]
[Site "Milano ITA"]
[Date "2010.02.13"]
[Round "3"]
[White "Calabrese, Maurizio"]
[Black "Alidosi, Marco"]
[Result "1-0"]
[WhiteElo "1539"]
[BlackElo "1774"]
[PlyCount "59"]
[EventDate "2010.02.12"]

1. d4 Nf6 2. Nf3 g6 3. c4 Bg7 4. Nc3 O-O 5. e4 d6 6. Bd3 Nbd7 7. Qc2 e5 8. dxe5
dxe5 9. O-O c6 10. b4 h6 11. c5 Qe7 12. Bd2 Nh5 13. Ne2 Ndf6 14. Bc3 Nh7 15.
Nd2 Kh8 16. f4 f6 17. Nc4 Nxf4 18. Nxf4 exf4 19. Rxf4 Be6 20. e5 Bxc4 21. Bxc4
fxe5 22. Rxf8+ Nxf8 23. Rf1 Ne6 24. Qxg6 Nf4 25. Qe4 Rf8 26. Bd2 Qg5 27. Kh1
Qg6 28. Rxf4 Rxf4 29. Qxg6 Rxc4 30. Bxh6 1-0

[Event "Open Sport & Cultura A"]
[Site "Milano ITA"]
[Date "2010.02.13"]
[Round "3"]
[White "Carbone, Lorenzo"]
[Black "Martelli, Tommaso"]
[Result "1/2-1/2"]
[WhiteElo "1751"]
[BlackElo "1900"]
[PlyCount "82"]
[EventDate "2010.02.12"]

1. e4 e5 2. Nf3 Nc6 3. Bb5 a6 4. Ba4 Nf6 5. O-O Be7 6. Re1 b5 7. Bb3 O-O 8. c3
d5 9. exd5 Nxd5 10. Nxe5 Nxe5 11. Rxe5 c6 12. d4 Bd6 13. Re1 Qh4 14. g3 Qh3 15.
Qf3 Bg4 16. Qg2 Qh5 17. Bxd5 cxd5 18. Be3 b4 19. Nd2 Rfc8 20. Rac1 bxc3 21.
Rxc3 Bb4 22. Rcc1 Bxd2 23. Bxd2 Bf5 24. Qf1 Be4 25. Qe2 Qh3 26. f3 Bg6 27. g4
h5 28. Qg2 hxg4 29. Qxg4 Bf5 30. Qxh3 Bxh3 31. Bc3 Rc6 32. Kf2 g6 33. Re5 Rf6
34. Kg3 Be6 35. a3 Rf5 36. f4 Kg7 37. Bb4 a5 38. Bd2 a4 39. Rc7 Kf6 40. Bc3
Rxe5 41. fxe5+ Kf5 1/2-1/2

[Event "Open Sport & Cultura A"]
[Site "Milano ITA"]
[Date "2010.02.13"]
[Round "3"]
[White "Chinnici, Giorgio"]
[Black "Cannetta, Stefano"]
[Result "1/2-1/2"]
[WhiteElo "1719"]
[BlackElo "1616"]
[PlyCount "44"]
[EventDate "2010.02.12"]

1. e4 Nf6 2. Nc3 d5 3. d4 dxe4 4. f3 exf3 5. Nxf3 Bg4 6. h3 Bh5 7. g4 Bg6 8.
Ne5 e6 9. Bg5 Be7 10. Bg2 c6 11. Qd2 Nbd7 12. Nxg6 hxg6 13. O-O-O Qa5 14. Rhe1
O-O-O 15. Kb1 Qb6 16. Ka1 Bb4 17. a3 Qa5 18. Bxf6 gxf6 19. Re3 Nb6 20. Qe2 Bxc3
21. Rxc3 Nd5 22. Rc5 Qc7 1/2-1/2

[Event "Open Sport & Cultura A"]
[Site "Milano ITA"]
[Date "2010.02.13"]
[Round "3"]
[White "D'Alessio, Angelo"]
[Black "Turov, Maxim"]
[Result "0-1"]
[WhiteElo "2017"]
[BlackElo "2584"]
[PlyCount "70"]
[EventDate "2010.02.12"]

1. e4 c6 2. d4 d5 3. e5 Bf5 4. Nf3 e6 5. Be2 Bb4+ 6. Nbd2 Nd7 7. O-O Ba5 8. a4
f6 9. Nb3 Bc7 10. Re1 fxe5 11. dxe5 Ne7 12. Nbd4 c5 13. Nxf5 Nxf5 14. Ng5 Qe7
15. Bb5 O-O-O 16. b4 cxb4 17. Nf3 h6 18. Bd2 Bb6 19. Qe2 a6 20. Bxa6 bxa6 21.
Qxa6+ Kc7 22. Reb1 Ra8 23. Qe2 Bc5 24. a5 Rhb8 25. a6 Qf8 26. Ra5 Ne7 27. Rxc5+
Nxc5 28. Bxb4 Nc6 29. c3 Qf5 30. Ra1 Qd3 31. Qxd3 Nxd3 32. Bd6+ Kd7 33. Bxb8
Nxb8 34. Rb1 Nxa6 35. g3 Nac5 0-1

[Event "Open Sport & Cultura A"]
[Site "Milano ITA"]
[Date "2010.02.13"]
[Round "3"]
[White "D'Urbino, Ilan"]
[Black "Kimbin, Richard Conrod"]
[Result "1/2-1/2"]
[WhiteElo "1742"]
[BlackElo "1934"]
[PlyCount "53"]
[EventDate "2010.02.12"]

1. e4 c5 2. Nf3 d6 3. d4 cxd4 4. Nxd4 Nf6 5. Nc3 g6 6. Be3 Bg7 7. f3 Nc6 8. Bc4
Bd7 9. Qd2 O-O 10. O-O-O Rc8 11. Bb3 Ne5 12. h4 Nc4 13. Bxc4 Rxc4 14. h5 Qa5
15. Nb3 Qa6 16. Kb1 Be6 17. hxg6 fxg6 18. e5 Rxc3 19. exf6 Rxb3 20. axb3 Bxf6
21. Bd4 Bxd4 22. Qxd4 Rf5 23. Rxh7 Kxh7 24. Rh1+ Rh5 25. Rxh5+ gxh5 26. Qe4+
Kg7 27. Qxe6 1/2-1/2

[Event "Open Sport & Cultura A"]
[Site "Milano ITA"]
[Date "2010.02.13"]
[Round "3"]
[White "Del Noce, Roberto"]
[Black "Mircoli, Filippo"]
[Result "0-1"]
[WhiteElo "1869"]
[BlackElo "1729"]
[PlyCount "100"]
[EventDate "2010.02.12"]

1. e4 c5 2. f4 e6 3. Nf3 Nc6 4. c3 d5 5. e5 Nge7 6. d4 Nf5 7. Bd3 cxd4 8. Bxf5
exf5 9. cxd4 Qb6 10. Nc3 Be6 11. O-O Be7 12. Ne2 O-O 13. Kh1 Rac8 14. Ng5 h6
15. Nxe6 fxe6 16. Rf3 Nb4 17. Rb3 Qd8 18. Bd2 a5 19. a3 Nc6 20. Rxb7 Rb8 21.
Qb3 Qc8 22. Rxb8 Qxb8 23. Qxb8 Rxb8 24. Bc3 Kf7 25. Nc1 a4 26. Nd3 Rb5 27. Rc1
Na5 28. Bxa5 Rxa5 29. Rc7 Rb5 30. Nb4 Ke8 31. Kg1 Bxb4 32. axb4 Rxb4 33. Rxg7
Rxb2 34. Ra7 Rb4 35. Rh7 Rxd4 36. Rxh6 Kd7 37. g3 Rd2 38. Rh7+ Kc6 39. Ra7 Kb5
40. h4 Kb4 41. Ra6 a3 42. Rxe6 Re2 43. Ra6 a2 44. g4 fxg4 45. h5 Re1+ 46. Kf2
a1=Q 47. Rxa1 Rxa1 48. e6 Kc5 49. h6 Ra7 50. f5 Kd6 0-1

[Event "Open Sport & Cultura A"]
[Site "Milano ITA"]
[Date "2010.02.13"]
[Round "3"]
[White "Didoni, Renato"]
[Black "Necchi, Flavio"]
[Result "0-1"]
[WhiteElo "1977"]
[BlackElo "1766"]
[PlyCount "34"]
[EventDate "2010.02.12"]

1. Nf3 Nf6 2. d4 e6 3. Nbd2 d5 4. a3 c5 5. Nb3 c4 6. Nbd2 Nc6 7. c3 Bd6 8. Qc2
O-O 9. e4 dxe4 10. Nxe4 Nxe4 11. Qxe4 f5 12. Qc2 Na5 13. Be2 b5 14. Bd2 Bb7 15.
O-O-O Be4 16. Bg5 Qc7 17. Qd2 Nb3# 0-1

[Event "Open Sport & Cultura A"]
[Site "Milano ITA"]
[Date "2010.02.13"]
[Round "3"]
[White "Guzzetti, Luigi Enrico"]
[Black "Ruscitto, Mauro"]
[Result "1-0"]
[WhiteElo "1887"]
[BlackElo "1386"]
[PlyCount "83"]
[EventDate "2010.02.12"]

1. e4 c5 2. Nf3 d6 3. d4 cxd4 4. Nxd4 Nf6 5. Nc3 a6 6. Be2 e6 7. Be3 Be7 8. O-O
Qc7 9. f4 b5 10. a3 Bb7 11. Bf3 O-O 12. Qe1 Nbd7 13. Qg3 Rac8 14. e5 Bxf3 15.
exf6 Nxf6 16. Rxf3 d5 17. Raf1 Qc4 18. Nce2 Ne4 19. Qh3 Bf6 20. c3 Qa2 21. Bc1
Qc4 22. Rd1 Rfe8 23. Ng3 Nxg3 24. Qxg3 Bxd4+ 25. Rxd4 Qc6 26. f5 e5 27. f6 g6
28. Rd1 Rcd8 29. Qh4 h5 30. Qg5 Re6 31. Rdf1 Rdd6 32. h3 Kf8 33. Qh6+ Ke8 34.
Qh8+ Kd7 35. Qg7 e4 36. Qxf7+ Kc8 37. Rf4 Qc5+ 38. Kh2 e3 39. Qg8+ Kb7 40. f7
e2 41. f8=Q exf1=Q 42. Qb8+ 1-0

[Event "Open Sport & Cultura A"]
[Site "Milano ITA"]
[Date "2010.02.13"]
[Round "3"]
[White "Illyuviev, Oleg"]
[Black "Bellia, Fabrizio"]
[Result "0-1"]
[WhiteElo "1974"]
[BlackElo "2408"]
[PlyCount "52"]
[EventDate "2010.02.12"]

1. c4 e5 2. Nc3 Nf6 3. Nf3 Nc6 4. e3 d5 5. cxd5 Nxd5 6. Bb5 Nxc3 7. Bxc6+ bxc6
8. bxc3 Bd6 9. Qc2 O-O 10. d4 f6 11. Bb2 Bg4 12. Nd2 Be6 13. O-O c5 14. dxe5
fxe5 15. c4 Qe8 16. f3 Qh5 17. Ne4 Qg6 18. Kh1 Bf5 19. g4 Bd7 20. Qg2 Bc6 21.
Rac1 Rf7 22. Nc3 Qd3 23. Nd5 Bxd5 24. cxd5 Qxd5 25. a3 Raf8 26. e4 Qd3 0-1